The tragedy of King Lear.

Furkejuvvon:
Bibliográfalaš dieđut
Váldodahkki: Shakespeare, William (Dahkki)
Eará dahkkit: Fraser, Russell (Doaimmaheaddji)
Materiálatiipa: Girji
Almmustuhtton: Nueva York, USA: New American Library, 1963.
Ráidu:The Signet Classic Shakespeare,
Fáttát:
Fáddágilkorat: Lasit fáddágilkoriid
Eai fáddágilkorat, Lasit vuosttaš fáddágilkora!

MARC

LEADER 00000nam a2200000 a 4500
001 UCQ3210
003 CL-VaPUC
005 20230623074125.0
008 230327t1963 ||||| |||| 00| 0 eng d
999 |c 440338  |d 440336 
040 |c Pontificia Universidad Católica de Valparaíso 
082 0 4 |a 822 SHA 1963  |2 21 
100 |a Shakespeare, William  |e author  |9 265757 
245 1 4 |a The tragedy of King Lear. 
260 |a Nueva York, USA:  |b New American Library,  |c 1963. 
300 |a 287 páginas 
490 |a The Signet Classic Shakespeare,  |n  CY967. 
500 |a c.1 Donación Literatura. Memo 3/2023. Educación 
583 |a last modification  |c 19980817 00:00:00  |k Catalogador Asistente 
650 0 |a Dramas ingleses  |9 269396 
650 0 |a Literatura inglesa  |9 312907 
700 |a Fraser, Russell  |e editor  |9 880952 
942 |c BK  |2 ddc 
952 |0 0  |1 0  |2 ddc  |4 0  |6 822_000000000000000_SHA_1963  |7 0  |8 A  |9 589271  |a FDOPOS  |b FDOPOS  |d 2023-03-27  |e Donación  |i 5656845  |o 822 SHA 1963  |p 5656845  |r 2025-01-22  |t 1  |w 2023-03-27  |y BK  |k DLH